=LDR 00000nam 2200000 4500 =001 INLIS000000000050993 =005 20170808125139 =035 ##$$a 0010-0817000176 =007 ta =008 170808###########################0###### =020 ##$$a 978-602-8672-01-6 =082 ##$$a 899.221 3 =084 ##$$a 899.221 3 BIM j =100 #$$a Bimo S. Nimpuno =245 1#$$a Jonggarang : $b Seributahun Kutukan Dendam dan Cinta /$c Bimo S. Nimpuno =250 ##$$a cet.1 =260 ##$$a Jakarta :$b Edelwiss,$c 2009 =300 ##$$a 270 hlm ; $c 21 cm =650 ##$$a Fiksi Indonesia =990 ##$$a 91219121 =990 ##$$a 31701619